Dr. S. R. Lasker Library Online Catalogue

Home      Library Home      Institutional Repository      E-Resources      MyAthens      EWU Home

Sixth Five year Plan: Part-2, (Record no. 7329)

MARC details
000 -LEADER
fixed length control field 00962nam a22002657a 4500
001 - CONTROL NUMBER
control field 7329
003 - CONTROL NUMBER IDENTIFIER
control field BD-DhEWU
005 - DATE AND TIME OF LATEST TRANSACTION
control field 20140723143725.0
008 - FIXED-LENGTH DATA ELEMENTS--GENERAL INFORMATION
fixed length control field 111205b2011 bg ||||g ||||o00| 0 eng d
020 ## - INTERNATIONAL STANDARD BOOK NUMBER
International Standard Book Number 9789843330901
International Standard Book Number 9843330900
035 ## - SYSTEM CONTROL NUMBER
System control number (OCoLC)781940038
-- (BD-DhEWU)
040 ## - CATALOGING SOURCE
Original cataloging agency BD-DhEWU
Language of cataloging eng
Transcribing agency BD-DhEWU
Modifying agency BD-DhEWU
041 ## - LANGUAGE CODE
Language code of text/sound track or separate title eng
082 04 - DEWEY DECIMAL CLASSIFICATION NUMBER
Classification number 338.95492 SIX
Item number 2011
110 ## - MAIN ENTRY--CORPORATE NAME
Corporate name or jurisdiction name as entry element Planning Commission, Ministry of Planning
9 (RLIN) 2806
245 10 - TITLE STATEMENT
Title Sixth Five year Plan: Part-2,
Remainder of title FY2011-FY2015
260 ## - PUBLICATION, DISTRIBUTION, ETC. (IMPRINT)
Place of publication, distribution, etc Dhaka.
Name of publisher, distributor, etc Ministry of Planning,Govt. of the People's Republic of Bangladesh.
Date of publication, distribution, etc 2011.
300 ## - PHYSICAL DESCRIPTION
Extent xvi, 465 p.
Other physical details ill.;charts;tables;
Dimensions 28 cm.
526 ## - STUDY PROGRAM INFORMATION NOTE
Program name Economics
590 ## - LOCAL NOTE (RLIN)
Local note Tahur Ahmed
653 ## - INDEX TERM--UNCONTROLLED
Uncontrolled term Accelerating Growth and Reducing Poverty
856 42 - ELECTRONIC LOCATION AND ACCESS
Materials specified WorldCat details
Uniform Resource Identifier http://www.worldcat.org/title/sixth-five-year-plan-of-bangladesh-2011-2015-background-papers/oclc/781940038&referer=brief_results
942 ## - ADDED ENTRY ELEMENTS (KOHA)
Source of classification or shelving scheme Dewey Decimal Classification
Koha item type Text
Holdings
Withdrawn status Lost status Source of classification or shelving scheme Damaged status Not for loan Collection code Home library Current library Shelving location Date acquired Source of acquisition Cost, normal purchase price Total Checkouts Full call number Barcode Date last seen Copy number Price effective from Koha item type
    Dewey Decimal Classification   Not For Loan Non-fiction Dr. S. R. Lasker Library, EWU Dr. S. R. Lasker Library, EWU Reference Section 05/12/2011 DBA 800.00   338.95492 SIX 2011 24316 09/01/2014 C-1 09/01/2014 Text